|
|
|
|
| LEADER |
00000nmm a2200000 4500 |
| 001 |
vtls012075695 |
| 003 |
SK-MaSNL |
| 005 |
20260301150634.0 |
| 007 |
co cg auuua |
| 008 |
211102s2021 xo fqnp 000 0 slo |
| 015 |
|
|
|a SNBS2021
|
| 020 |
|
|
|a 9788081462238
|q (elektronická kniha)
|
| 040 |
|
|
|a SNK
|b slo
|c SNK
|e rda
|
| 041 |
0 |
|
|a slo
|
| 044 |
|
|
|a xo
|c SK
|
| 072 |
|
7 |
|a 37.016
|x Učebné osnovy. Vyučovacie predmety. Učebnice
|2 konspekt
|
| 072 |
|
7 |
|a 51
|x Matematika
|2 konspekt
|
| 080 |
|
|
|a 51
|2 2011
|
| 080 |
|
|
|a 37.016:511-028.31
|2 2011
|
| 080 |
|
|
|a (075.2)
|2 2011
|
| 080 |
|
|
|a (076.1)
|2 2011
|
| 080 |
|
|
|a (072)
|2 2011
|
| 080 |
|
|
|a (0.034.44)
|2 2011
|
| 100 |
1 |
|
|a Černek, Pavol,
|d 1952-
|4 aut
|9 7554
|
| 245 |
1 |
0 |
|a Matematika pre 2. ročník základných škôl
|b školský rok 2021/2022 : učebnica, pracovný zošit 1. a 2. časť, metodická príručka
|c Pavol Černek, Svetlana Bednářová
|
| 246 |
3 |
3 |
|a Matematika 2
|
| 264 |
|
1 |
|a Bratislava
|b Vydavateľstvo AITEC
|c 2021
|
| 300 |
|
|
|a 1 DVD-ROM
|b farebný
|c 12 cm
|
| 336 |
|
|
|a text
|b txt
|2 rdacontent
|
| 337 |
|
|
|a počítač
|b c
|2 rdamedia
|
| 338 |
|
|
|a počítačový disk
|b cd
|2 rdacarrier
|
| 500 |
|
|
|a Školský rok 2021/2022
|
| 500 |
|
|
|a Inštalačné DVD, licencia časovo obmedzená do 30.9.2022
|
| 538 |
|
|
|a Disk je určnený pre operačné systémy Windows 10
|
| 650 |
0 |
7 |
|a matematika
|2 SNKPH
|9 70174
|
| 650 |
0 |
7 |
|a počítanie
|2 SNKPH
|9 4104
|
| 650 |
0 |
7 |
|a Mathematics
|2 SNKPHeng
|9 265620
|
| 650 |
0 |
7 |
|a Counting
|2 SNKPHeng
|9 302467
|
| 655 |
|
7 |
|a DVD-ROM
|2 SNKPH
|9 113904
|
| 655 |
|
7 |
|a učebnice základných škôl
|2 SNKPH
|9 70187
|
| 655 |
|
7 |
|a pracovné zošity
|2 SNKPH
|9 70188
|
| 655 |
|
7 |
|a metodické príručky
|2 SNKPH
|9 70250
|
| 655 |
|
7 |
|a Textbooks (elementary)
|2 SNKPHeng
|9 276977
|
| 655 |
|
7 |
|a Activity books
|2 SNKPHeng
|9 302885
|
| 655 |
|
7 |
|a Methodological manuals
|2 SNKPHeng
|9 270866
|
| 700 |
1 |
|
|a Bednářová, Svetlana
|4 aut
|9 39452
|
| 919 |
|
|
|a 978-80-8146-223-8
|
| 999 |
|
|
|c 784147
|d 786077
|
| 952 |
|
|
|a SNK
|b SNK
|y PREZ
|7 0
|p 17A1467907
|o snkSCDM 12038
|i snk2021/16999
|8 0
|0 0
|1 0
|4 0
|d 2021-11-02
|l 0
|r 2026-02-24 01:15:09
|w 2026-02-24
|